Hodnoty a správanie
Hodnoty a ich skúmanie. Systém hodnôt podľa Rokeacha. Systém hodnôt podľa Schwarza. Vybrané výsledky zo Štúdie európskych hodnôt.
Enregistré dans:
| Auteur principal: | |
|---|---|
| Format: | Chapitre de livre |
| Langue: | slovaque |
| Sujets: | |
| Tags: |
Pas de tags, Soyez le premier à ajouter un tag!
|
MARC
| LEADER | 00000naa a2200000 4500 | ||
|---|---|---|---|
| 001 | 0157240 | ||
| 005 | 20240502072739.9 | ||
| 041 | 0 | |a slo | |
| 044 | |a SK | ||
| 245 | 1 | 0 | |a Hodnoty a správanie |c Dana Vokounová |
| 520 | |a Hodnoty a ich skúmanie. Systém hodnôt podľa Rokeacha. Systém hodnôt podľa Schwarza. Vybrané výsledky zo Štúdie európskych hodnôt. | ||
| 610 | 2 | 0 | |a správanie spotrebiteľa |
| 610 | 2 | 0 | |a správanie sociálne |
| 610 | 2 | 0 | |a stratégia marketingová |
| 610 | 2 | 0 | |a psychológia |
| 610 | 2 | 0 | |a výskum ekonomický |
| 100 | 1 | |a Vokounová, Dana, 1962- | |